国名クイズ - Statistics

General Stats
  • This quiz has been taken 41,489 times
  • The average score is 109 of 196
Answers on the Map
Answers color-coded by a green-red scale on the quiz's map according to % correct below.
 
Answer Stats
Country % Correct
アメリカ合衆国
92%
カナダ
90%
日本国
90%
中華人民共和国
89%
ロシア連邦
89%
フランス共和国
87%
インド
87%
大韓民国
87%
グレートブリテン及び北アイルランド連合王国
87%
オーストラリア連邦
86%
ブラジル連邦共和国
85%
ドイツ連邦共和国
85%
イタリア共和国
85%
メキシコ合衆国
85%
モンゴル国
85%
朝鮮民主主義人民共和国
85%
チリ共和国
84%
インドネシア共和国
83%
スペイン王国
83%
エジプト・アラブ共和国
82%
アイスランド
81%
アイルランド
81%
南アフリカ共和国
81%
タイ王国
81%
アルゼンチン共和国
80%
ポルトガル共和国
80%
ウクライナ
80%
フィンランド共和国
79%
ニュージーランド
79%
ノルウェー王国
79%
トルコ共和国
79%
オーストリア共和国
78%
サウジアラビア王国
78%
スウェーデン王国
78%
フィリピン共和国
77%
イラン・イスラム共和国
76%
スイス連邦
76%
台湾
76%
オランダ王国
75%
ポーランド共和国
75%
ベトナム社会主義共和国
75%
デンマーク王国
74%
イラク共和国
74%
ギリシャ共和国
73%
カザフスタン共和国
73%
マダガスカル共和国
72%
マレーシア
72%
ベルギー王国
70%
ネパール
69%
パキスタン・イスラム共和国
69%
アラブ首長国連邦
69%
キューバ共和国
68%
ペルー共和国
68%
アフガニスタン・イスラム共和国
67%
ミャンマー連邦共和国
67%
カンボジア王国
67%
イスラエル国
67%
モロッコ王国
67%
ナイジェリア連邦共和国
67%
アルジェリア民主人民共和国
66%
コロンビア共和国
65%
チェコ共和国
65%
ガーナ共和国
64%
リトアニア共和国
64%
パプアニューギニア独立国
64%
スリランカ民主社会主義共和国
64%
トルクメニスタン
64%
バングラデシュ人民共和国
63%
エストニア共和国
63%
ラトビア共和国
63%
スロバキア共和国
63%
ラオス人民民主共和国
62%
シンガポール共和国
62%
ケニア共和国
61%
パナマ共和国
61%
ルーマニア
61%
ウズベキスタン共和国
61%
バチカン市国
61%
ベラルーシ共和国
60%
ブルガリア共和国
60%
スーダン共和国
60%
ブータン王国
59%
エチオピア連邦民主共和国
59%
オマーン国
59%
ソマリア連邦共和国
59%
クロアチア共和国
58%
ハンガリー
58%
マリ共和国
58%
ウルグアイ東方共和国
58%
エクアドル共和国
57%
リビア
57%
カタール国
57%
コンゴ民主共和国
56%
ギニア共和国
56%
ルクセンブルク大公国
56%
南スーダン共和国
56%
キルギス共和国
55%
コンゴ共和国
55%
シリア・アラブ共和国
55%
ボリビア多民族国
54%
コートジボワール共和国
54%
赤道ギニア共和国
54%
セルビア共和国
54%
タジキスタン共和国
54%
イエメン共和国
54%
アゼルバイジャン共和国
53%
パラグアイ共和国
53%
ベネズエラ・ボリバル共和国
53%
ドミニカ国
52%
ジョージア
52%
スロベニア共和国
52%
中央アフリカ共和国
52%
アルバニア共和国
51%
アンゴラ共和国
51%
アルメニア共和国
51%
東ティモール民主共和国
51%
チュニジア共和国
51%
ヨルダン
49%
クウェート国
49%
キプロス共和国
48%
ジャマイカ
48%
北マケドニア共和国
48%
ボスニア・ヘルツェゴビナ
47%
レソト王国
46%
ツバル
46%
コソボ共和国
45%
レバノン共和国
45%
マルタ共和国
45%
モナコ公国
45%
ナミビア共和国
45%
ニジェール共和国
45%
タンザニア連合共和国
45%
チャド共和国
44%
コスタリカ共和国
44%
モーリタニア・イスラム共和国
44%
パラオ共和国
44%
ザンビア共和国
44%
カメルーン共和国
43%
ドミニカ共和国
43%
ミクロネシア連邦
43%
リヒテンシュタイン公国
42%
モルドバ共和国
42%
モザンビーク共和国
42%
ウガンダ共和国
41%
アンドラ公国
40%
バーレーン王国
40%
エリトリア国
40%
ハイチ共和国
40%
モンテネグロ
40%
トーゴ共和国
40%
ボツワナ共和国
39%
ブルネイ・ダルサラーム国
39%
エルサルバドル共和国
39%
フィジー共和国
39%
ガイアナ共和国
39%
サンマリノ共和国
39%
セネガル共和国
39%
ジンバブエ共和国
39%
ホンジュラス共和国
38%
ニカラグア共和国
38%
グアテマラ共和国
37%
リベリア共和国
37%
スリナム共和国
37%
トンガ王国
36%
バハマ国
35%
ベリーズ
35%
モルディブ共和国
35%
ルワンダ共和国
35%
ギニアビサウ共和国
34%
キリバス共和国
34%
セーシェル共和国
34%
シエラレオネ共和国
34%
ベナン共和国
33%
ガボン共和国
33%
ガンビア共和国
33%
ジブチ共和国
32%
ナウル共和国
32%
エスワティニ王国
32%
モーリシャス共和国
31%
ブルキナファソ
29%
マラウイ共和国
29%
ソロモン諸島
29%
ブルンジ共和国
28%
セントビンセント及びグレナディーン諸島
28%
サモア独立国
28%
カーボベルデ共和国
27%
マーシャル諸島共和国
27%
トリニダード・トバゴ共和国
27%
アンティグア・バーブーダ
25%
バヌアツ共和国
25%
セントルシア
24%
コモロ連合
23%
セントクリストファー・ネービス
23%
サントメ・プリンシペ民主共和国
23%
バルバドス
22%
グレナダ
18%
No matching quizzes found
Score Distribution
Percent of People with Each Score
Percentile by Number Answered
Your Score History
You have not taken this quiz